Statistics for Interstate I-70 Cities

Click here to take the quiz!

General Stats

  • This quiz has been taken 59 times
  • The average score is 16 of 18

Answer Stats

State % Correct
Ohio
100%
Indiana
96%
Columbus
96%
Colorado
96%
St. Louis
96%
Utah
95%
Missouri
95%
Denver
95%
Illinois
93%
Pennsylvania
93%
Indianapolis
93%
Kansas City
91%
Kansas
91%
Maryland
87%
West Virginia
85%
Topeka
80%
Baltimore
75%
Aurora
53%

Score Distribution

Percentile by Number Answered

Percent of People with Each Score

Your Score History

You have not taken this quiz